header

My double unveiled (Record no. 1465)

MARC details
000 -LEADER
fixed length control field 01431nam a2200349Ia 4500
082 04 - DEWEY DECIMAL CLASSIFICATION NUMBER
Classification number 612.8/01/1
100 1# - MAIN ENTRY--AUTHOR NAME
Personal name Vitiello, Giuseppe.
245 10 - TITLE STATEMENT
Title My double unveiled
260 ## - PUBLICATION, DISTRIBUTION, ETC. (IMPRINT)
Place of publication Amsterdam ;
-- Philadelphia :
Name of publisher John Benjamins Pub. Co.,
Year of publication 2001.
300 ## - PHYSICAL DESCRIPTION
Number of Pages xviii, 161 p. :
Other physical details ill.
490 1# - SERIES STATEMENT
Series statement Advances in consciousness research ;
650 #0 - SUBJECT ADDED ENTRY--TOPICAL TERM
Topical Term Brain
Topical Term Quantum theory.
Topical Term Consciousness
856 40 - ELECTRONIC LOCATION AND ACCESS
Uniform Resource Identifier http://site.ebrary.com/lib/rucke/Doc?id=5004969

No items available.

© 2026 Rongo University
Contact us: librarian | system librarian | Rongo university